al-Kitab al-akhdar .

Bibliographic Details
Main Author: Qaddafi, Muammar (Author)
Format: Book
Published: Libya : Biro Rakyat Jamahiriya Rakyat Sosialis Arab Libya , [19--]
Subjects:

MARC

LEADER 00000cam a2200000 7i4500
001 0000002706
005 20061023093000.0
008 021118n
090 0 0 |a HN786.K5   |b Q2 
100 0 |a Qaddafi, Muammar ,   |e author 
240 2 2 |a الكتاب الاخضر   |l Bahasa Malaysia 
245 1 3 |a al-Kitab al-akhdar .   |l Buku hijau   |c Mu'ammar al-Qadhafi 
260 2 |a Libya :   |b Biro Rakyat Jamahiriya Rakyat Sosialis Arab Libya ,   |c [19--] 
300 |a 135, 93 p. ;   |c 19 cm. 
651 0 |a Libya   |x Politics and government   |y 1969- 
999 |a 1000023242   |b Book   |c Close Access   |e Gong Badak Campus 
999 |a 1000023243   |b Book   |c OPEN SHELF (30 DAYS)   |e Gong Badak Campus 
999 |a 1000023244   |b Book   |c OPEN SHELF (30 DAYS)   |e Gong Badak Campus